[Event "España ch sub-16 2012"]
[Site "Salobreña ESP"]
[Date "2012.07.16"]
[Round "2.24"]
[White "Buendia Pinar, Alvaro"]
[Black "Capote Robayna, Johanna"]
[Result "1-0"]
[WhiteElo "1999"]
[BlackElo "1822"]
[PlyCount "85"]
[EventDate "2012.07.16"]
[EventType "swiss"]
[EventRounds "9"]
[EventCountry "ESP"]
[Source "lmi"]
[SourceDate "2012.07.16"]

1. d4 Nf6 2. c4 g6 3. Nc3 Bg7 4. e4 d6 5. g3 O-O 6. Bg2 c5 7. d5 e6 8. Nge2
exd5 9. cxd5 Re8 10. O-O Nbd7 11. h3 a6 12. a4 c4 13. Be3 Qc7 14. b4 cxb3 15.
Qxb3 Nc5 16. Qc4 Nfd7 17. f4 Nb6 18. Qb4 a5 19. Qb1 Nc4 20. Bc1 f5 21. Qb5 Nd7
22. Ra2 Ra6 23. Qb3 Rb6 24. Nb5 Qc5+ 25. Kh2 fxe4 26. Rc2 Rxb5 27. axb5 Ndb6
28. Rd1 a4 29. Qa2 Qxb5 30. Nc3 Bxc3 31. Rxc3 e3 32. Bf1 Qd7 33. Kg1 e2 34.
Bxe2 Qxh3 35. Bxc4 Nxc4 36. Qxc4 Bg4 37. Qf1 Qh5 38. Re1 Ra8 39. Qd3 Bf5 40.
Qd4 Rd8 41. Re7 Qh6 42. Rcc7 b5 43. Rg7+ 1-0

[Event "España ch sub-16 2012"]
[Site "Salobreña ESP"]
[Date "2012.07.17"]
[Round "3.1"]
[White "Garcia De Lomas Guerrero, Carlos"]
[Black "Santos Latasa, Jaime"]
[Result "0-1"]
[WhiteElo "2041"]
[BlackElo "2399"]
[PlyCount "53"]
[EventDate "2012.07.16"]
[EventType "swiss"]
[EventRounds "9"]
[EventCountry "ESP"]
[Source "lmi"]
[SourceDate "2012.07.16"]

1. e4 c5 2. Nf3 e6 3. d4 cxd4 4. Nxd4 a6 5. c4 Nf6 6. Nc3 Qc7 7. a3 b6 8. Be3
Bb7 9. f3 Be7 10. Be2 O-O 11. Qd2 d6 12. O-O Nbd7 13. b4 Rac8 14. Rfc1 Qb8 15.
Nb3 Rfe8 16. Bf1 Bd8 17. Kh1 Bc7 18. Bg1 d5 19. Qe1 dxc4 20. Nd4 Bd6 21. b5 Bc5
22. a4 Ne5 23. Nb1 Red8 24. Qc3 Nd3 25. Nd2 Bb4 26. Qc2 Nxc1 27. Qxc1 0-1

[Event "España ch sub-16 2012"]
[Site "Salobreña ESP"]
[Date "2012.07.17"]
[Round "3.2"]
[White "Ruiz Font, Elisabet"]
[Black "Montoliu Cervero, Francisco"]
[Result "0-1"]
[WhiteElo "2039"]
[BlackElo "2230"]
[PlyCount "104"]
[EventDate "2012.07.16"]
[EventType "swiss"]
[EventRounds "9"]
[EventCountry "ESP"]
[Source "lmi"]
[SourceDate "2012.07.16"]

1. e4 c5 2. Nf3 d6 3. d4 cxd4 4. Nxd4 Nf6 5. Nc3 g6 6. Bc4 Bg7 7. h3 O-O 8. Bb3
a6 9. O-O b5 10. Re1 Bb7 11. Bg5 h6 12. Bh4 Re8 13. Qd2 Nfd7 14. a3 Nc6 15.
Nxc6 Bxc6 16. Rad1 Rc8 17. Nd5 g5 18. Bg3 Bxb2 19. h4 Bxd5 20. Qxd5 e6 21. Qxd6
Nc5 22. hxg5 hxg5 23. Be5 Bxa3 24. Qxd8 Rexd8 25. Rxd8+ Rxd8 26. Bf6 Rd2 27.
Bxg5 Nxb3 28. cxb3 Rb2 29. Re3 Bc5 30. Rf3 Re2 31. Bf6 Re1+ 32. Kh2 Bd6+ 33.
Kh3 Rxe4 34. Rd3 Bc5 35. Rg3+ Kh7 36. Rg7+ Kh6 37. Rxf7 Kg6 38. Rc7 Bxf2 39.
Be7 Re3+ 40. Kg4 Rg3+ 41. Kf4 Rxb3 42. Rc6 Kf7 43. Bd8 Ra3 44. g4 Ra4+ 45. Kf3
Bd4 46. g5 Ke8 47. Bb6 Kd7 48. Rc7+ Kd6 49. g6 Bxb6 50. g7 Ra3+ 51. Kf4 Bxc7
52. g8=Q Kd5+ 0-1

[Event "España ch sub-16 2012"]
[Site "Salobreña ESP"]
[Date "2012.07.17"]
[Round "3.3"]
[White "Perez Cabas, Jose"]
[Black "Escudero Manzano, Alejandro"]
[Result "0-1"]
[WhiteElo "2039"]
[BlackElo "2192"]
[PlyCount "100"]
[EventDate "2012.07.16"]
[EventType "swiss"]
[EventRounds "9"]
[EventCountry "ESP"]
[Source "lmi"]
[SourceDate "2012.07.16"]

1. e4 c5 2. Nf3 Nc6 3. d4 cxd4 4. Nxd4 Nf6 5. Nc3 e5 6. Ndb5 d6 7. Bg5 a6 8.
Na3 b5 9. Bxf6 gxf6 10. Nd5 Bg7 11. Bd3 Ne7 12. Nxe7 Qxe7 13. O-O O-O 14. Qf3
f5 15. exf5 d5 16. Qxd5 Bb7 17. Qb3 e4 18. Rfe1 Qe5 19. c3 Qxf5 20. Bf1 Rad8
21. Rad1 Qh5 22. Be2 Qg6 23. Nc2 Kh8 24. Rxd8 Rxd8 25. Rd1 Rf8 26. Bf1 f5 27.
Rd7 Bc8 28. Rd1 f4 29. Kh1 Bb7 30. Rd7 Bc6 31. Re7 Qd6 32. Qe6 Qd1 33. Kg1 Qxc2
34. Rf7 Rxf7 35. Qxf7 Qd2 36. Qf5 Qd7 37. Qxf4 Qe7 38. h3 Be5 39. Qf5 Bd7 40.
Qh5 Bg7 41. Qe2 Qe5 42. a4 Bh6 43. Qd1 Qe6 44. Qd4+ Bg7 45. Qa7 Bf6 46. Qa8+
Kg7 47. axb5 axb5 48. Qb7 e3 49. Bxb5 exf2+ 50. Kh2 Qg4 0-1

[Event "España ch sub-16 2012"]
[Site "Salobreña ESP"]
[Date "2012.07.17"]
[Round "3.4"]
[White "Nieves Cabanes, Javier"]
[Black "Shen, Yue"]
[Result "0-1"]
[WhiteElo "2037"]
[BlackElo "2148"]
[PlyCount "54"]
[EventDate "2012.07.16"]
[EventType "swiss"]
[EventRounds "9"]
[EventCountry "ESP"]
[Source "lmi"]
[SourceDate "2012.07.16"]

1. d4 Nf6 2. Nf3 c5 3. d5 g6 4. c4 b5 5. cxb5 a6 6. b6 d6 7. Nc3 Qxb6 8. Nd2
Nbd7 9. a4 Bg7 10. a5 Qc7 11. e4 O-O 12. Nc4 Bb7 13. Be2 Rad8 14. Bf4 Ne5 15.
Bxe5 dxe5 16. O-O e6 17. d6 Qc6 18. Nxe5 Qxd6 19. Qxd6 Rxd6 20. Nc4 Rd4 21. f3
Rfd8 22. e5 Nd5 23. Ne4 Nf4 24. Ncd6 Nxe2+ 25. Kf2 Bxe4 26. Nxe4 Nf4 27. g3
Nd3+ 0-1

[Event "España ch sub-16 2012"]
[Site "Salobreña ESP"]
[Date "2012.07.17"]
[Round "3.5"]
[White "Diaz Camallonga, Carles"]
[Black "Buendia Pinar, Alvaro"]
[Result "1/2-1/2"]
[WhiteElo "2144"]
[BlackElo "1999"]
[PlyCount "63"]
[EventDate "2012.07.16"]
[EventType "swiss"]
[EventRounds "9"]
[EventCountry "ESP"]
[Source "lmi"]
[SourceDate "2012.07.16"]

1. e4 c6 2. Nf3 d5 3. exd5 cxd5 4. Ne5 Nf6 5. d4 Nc6 6. c3 e6 7. Nd2 Nxe5 8.
dxe5 Nd7 9. f4 Be7 10. Nf3 O-O 11. Bd3 b6 12. O-O h6 13. f5 exf5 14. Bxf5 Nc5
15. Bc2 Be6 16. Be3 Rc8 17. Bd4 Qd7 18. Qe2 Bf5 19. Bxf5 Qxf5 20. Nh4 Qe4 21.
Qxe4 Nxe4 22. Nf5 Rfe8 23. Ne3 Bc5 24. Rfe1 Rcd8 25. Rad1 Bxd4 26. cxd4 f6 27.
Nxd5 Rxd5 28. Rxe4 Rexe5 29. Rxe5 fxe5 30. Kf2 exd4 31. Kf3 Rd7 32. Ke4 1/2-1/2

[Event "España ch sub-16 2012"]
[Site "Salobreña ESP"]
[Date "2012.07.17"]
[Round "3.6"]
[White "Pinsach Gelabert, Alexandre"]
[Black "Gutierrez Valero, Mario"]
[Result "1/2-1/2"]
[WhiteElo "1990"]
[BlackElo "2135"]
[PlyCount "75"]
[EventDate "2012.07.16"]
[EventType "swiss"]
[EventRounds "9"]
[EventCountry "ESP"]
[Source "lmi"]
[SourceDate "2012.07.16"]

1. e4 c5 2. Nf3 d6 3. d4 cxd4 4. Qxd4 a6 5. c4 Nc6 6. Qd1 g6 7. Nc3 Bg7 8. Be3
Nf6 9. h3 Bd7 10. Be2 b5 11. cxb5 axb5 12. Bxb5 Nxe4 13. O-O Nxc3 14. bxc3 O-O
15. Nd4 Nxd4 16. Bxd7 Ne2+ 17. Qxe2 Qxd7 18. Qd3 Ra3 19. Bd4 Bxd4 20. Qxd4 Rc8
21. Rfc1 e5 22. Qb4 Ra4 23. Qb6 d5 24. Re1 e4 25. Qb3 Rac4 26. Rad1 Qc6 27. Re2
Rd8 28. Red2 Kg7 29. Qb2 h5 30. Rd4 Rxd4 31. Rxd4 Qc7 32. c4 Rb8 33. Qa1 Qe5
34. cxd5 Rb4 35. Rd1 Qxa1 36. Rxa1 Ra4 37. d6 Rd4 38. a4 1/2-1/2

[Event "España ch sub-16 2012"]
[Site "Salobreña ESP"]
[Date "2012.07.17"]
[Round "3.7"]
[White "Rubio Tent, Francisco"]
[Black "Romero Calduch, Sergio"]
[Result "1/2-1/2"]
[WhiteElo "2120"]
[BlackElo "1963"]
[PlyCount "60"]
[EventDate "2012.07.16"]
[EventType "swiss"]
[EventRounds "9"]
[EventCountry "ESP"]
[Source "lmi"]
[SourceDate "2012.07.16"]

1. e4 e6 2. d4 d5 3. exd5 exd5 4. Nf3 Bd6 5. c4 c6 6. Nc3 Nf6 7. Bd3 dxc4 8.
Bxc4 O-O 9. O-O Nbd7 10. Bg5 Nb6 11. Bb3 Bc7 12. Qd3 Qd6 13. Bh4 Bg4 14. Bg3
Qd8 15. Ne5 Bh5 16. Rfe1 Nbd5 17. a3 Rc8 18. Rac1 Re8 19. Bc2 Bg6 20. Nxg6 hxg6
21. Bb3 Bxg3 22. hxg3 Qd6 23. Qf3 Nxc3 24. Qxc3 Rxe1+ 25. Rxe1 Rd8 26. Rd1 Rd7
27. Qc5 a6 28. Qg5 Nd5 29. Re1 Re7 30. Rxe7 Nxe7 1/2-1/2

[Event "España ch sub-16 2012"]
[Site "Salobreña ESP"]
[Date "2012.07.17"]
[Round "3.8"]
[White "Martin Garcia, Guillermo"]
[Black "Sanchez Garcia, Julio"]
[Result "1/2-1/2"]
[WhiteElo "1963"]
[BlackElo "2108"]
[PlyCount "129"]
[EventDate "2012.07.16"]
[EventType "swiss"]
[EventRounds "9"]
[EventCountry "ESP"]
[Source "lmi"]
[SourceDate "2012.07.16"]

1. e4 e6 2. d3 c5 3. Nf3 Nc6 4. g3 g6 5. Bg2 Bg7 6. O-O Nge7 7. c3 O-O 8. Bf4
e5 9. Be3 d6 10. Qd2 Bg4 11. h3 Bxf3 12. Bxf3 f5 13. Bg2 Qd7 14. Na3 b6 15. Nc4
Rad8 16. Bg5 Rde8 17. exf5 d5 18. Ne3 gxf5 19. f4 d4 20. Nc4 Nd5 21. fxe5 Nxe5
22. Nxe5 Rxe5 23. Bxd5+ Qxd5 24. c4 Qe6 25. Rae1 Re8 26. Rxe5 Qxe5 27. Qf4 Qe3+
28. Qxe3 dxe3 29. Re1 Bxb2 30. Bxe3 Bc3 31. Re2 Rd8 32. Bf4 Rxd3 33. Re7 Bd4+
34. Kg2 Ra3 35. Re2 Rc3 36. Bb8 a6 37. Bc7 b5 38. cxb5 axb5 39. Bd6 Be3 40. Kf3
Bg5+ 41. Kg2 Be3 42. Kf3 Bh6+ 43. Kg2 c4 44. Re8+ Kf7 45. Re7+ Kf6 46. Rxh7 Bg7
47. g4 fxg4 48. hxg4 Rc2+ 49. Kf3 Rxa2 50. Rh5 Ke6 51. Bb4 c3 52. Bxc3 Bxc3 53.
Rxb5 Kf6 54. Rb6+ Kg5 55. Rb5+ Kg6 56. Rb6+ Bf6 57. Kf4 Ra4+ 58. Kf3 Ra5 59.
Kf4 Ra1 60. Rc6 Rf1+ 61. Kg3 Kf7 62. Ra6 Be5+ 63. Kh4 Bf4 64. g5 Be3 65. Rf6+
1/2-1/2

[Event "España ch sub-16 2012"]
[Site "Salobreña ESP"]
[Date "2012.07.17"]
[Round "3.9"]
[White "Perez Barreto, Adrian"]
[Black "Rojano Alfonso, Carlos"]
[Result "1/2-1/2"]
[WhiteElo "1961"]
[BlackElo "2084"]
[PlyCount "109"]
[EventDate "2012.07.16"]
[EventType "swiss"]
[EventRounds "9"]
[EventCountry "ESP"]
[Source "lmi"]
[SourceDate "2012.07.16"]

1. d4 e6 2. c4 Nf6 3. Nc3 Bb4 4. e3 O-O 5. Bd3 c5 6. Nf3 d6 7. O-O Nbd7 8. Qc2
e5 9. Nd5 Nxd5 10. cxd5 cxd4 11. exd4 h6 12. a3 Ba5 13. dxe5 Nxe5 14. Be2 Qf6
15. Be3 Bf5 16. Qa4 Bd8 17. Nd4 Be4 18. Qb3 Bb6 19. Rad1 Nd7 20. f3 Bg6 21. Bf2
Rac8 22. Qa2 Rfe8 23. b4 Qe7 24. Rd2 a6 25. Kh1 Qg5 26. Bg1 Nf6 27. f4 Qh4 28.
Nf3 Qxf4 29. Bxb6 Be4 30. Bf2 Nxd5 31. Qb2 Ne3 32. Bg3 Qg4 33. Rf2 Nf5 34. Bxd6
Nxd6 35. Rxd6 Rc2 36. Qb3 Qf4 37. Rd1 Bf5 38. Re1 b5 39. g3 Qg4 40. Ng1 Be4+
41. Nf3 Bxf3+ 42. Rxf3 Rcxe2 43. Rxe2 Rxe2 44. Qxf7+ Kh7 45. Qd5 Qg6 46. Qb3
Rd2 47. Kg1 Qe4 48. Qe3 Rd1+ 49. Kg2 Qc2+ 50. Rf2 Qb1 51. Kh3 Rg1 52. Qf3 Re1
53. Rd2 Rf1 54. Qd3+ Qxd3 55. Rxd3 1/2-1/2

[Event "España ch sub-16 2012"]
[Site "Salobreña ESP"]
[Date "2012.07.17"]
[Round "3.10"]
[White "Moreno Ibañez, Miguel"]
[Black "Ananian, Arman"]
[Result "1-0"]
[WhiteElo "2055"]
[BlackElo "1823"]
[PlyCount "53"]
[EventDate "2012.07.16"]
[EventType "swiss"]
[EventRounds "9"]
[EventCountry "ESP"]
[Source "lmi"]
[SourceDate "2012.07.16"]

1. e4 c5 2. Nf3 e6 3. d4 cxd4 4. Nxd4 Nf6 5. Nc3 d6 6. Be2 a6 7. O-O Qc7 8. a4
Nc6 9. Be3 Be7 10. f4 b6 11. e5 dxe5 12. Nxc6 Qxc6 13. fxe5 Nd5 14. Bf3 Bb7 15.
Nxd5 exd5 16. c4 Bc5 17. Bxc5 Qxc5+ 18. Kh1 Rd8 19. cxd5 Bxd5 20. Rc1 Bxf3 21.
Qxf3 Qe7 22. Qc6+ Rd7 23. Rcd1 h5 24. Rxf7 Qxf7 25. Qc8+ Ke7 26. Qxd7+ Kf8 27.
Qd8+ 1-0

[Event "España ch sub-16 2012"]
[Site "Salobreña ESP"]
[Date "2012.07.17"]
[Round "3.11"]
[White "Abal Cores, Lucas"]
[Black "Forsberg Conde, Martin"]
[Result "1/2-1/2"]
[WhiteElo "1951"]
[BlackElo "2046"]
[PlyCount "117"]
[EventDate "2012.07.16"]
[EventType "swiss"]
[EventRounds "9"]
[EventCountry "ESP"]
[Source "lmi"]
[SourceDate "2012.07.16"]

1. e4 e5 2. Nf3 Nc6 3. Bc4 Bc5 4. c3 Nf6 5. d4 exd4 6. cxd4 Bb4+ 7. Bd2 Nxe4 8.
Bxb4 Nxb4 9. Bxf7+ Kxf7 10. Qb3+ d5 11. Ne5+ Ke6 12. Qxb4 c5 13. Qa3 Qf6 14.
O-O Rf8 15. f3 cxd4 16. Ng4 Qf4 17. Qd3 h5 18. Nf2 Nxf2 19. Kxf2 Kf7 20. Rd1
Qh4+ 21. Kg1 Re8 22. Na3 Re3 23. Qb5 Qg5 24. Nc2 Rxf3 25. Rxd4 Bh3 26. Qxd5+
Qxd5 27. Rxd5 Be6 28. Rxh5 Rd3 29. Rf1+ Kg6 30. Rc5 Rd2 31. b3 Rad8 32. Re1 Bd5
33. Ne3 Bc6 34. h4 Rxa2 35. Rg5+ Kh7 36. Nf5 Rd7 37. h5 Ra5 38. g4 Ra2 39. h6
Rg2+ 40. Kf1 gxh6 41. Rh5 Rxg4 42. Rxh6+ Kg8 43. Ne7+ Kg7 44. Nf5+ Kf8 45. Rh8+
Rg8 46. Rxg8+ Kxg8 47. Ne7+ Kf7 48. Nxc6 bxc6 49. Re4 Kf6 50. Rc4 Rd6 51. Ra4
Rd7 52. Ra6 Rc7 53. Ke2 Ke6 54. Kd3 Kd6 55. Kc4 Rb7 56. Ra5 Kc7 57. Kc5 Kd7 58.
b4 Rb5+ 59. Kd4 1/2-1/2

[Event "España ch sub-16 2012"]
[Site "Salobreña ESP"]
[Date "2012.07.17"]
[Round "3.12"]
[White "Suarez Garcia, Carlos"]
[Black "Iglesias Garcia, Jorge"]
[Result "1-0"]
[WhiteElo "2306"]
[BlackElo "1912"]
[PlyCount "56"]
[EventDate "2012.07.16"]
[EventType "swiss"]
[EventRounds "9"]
[EventCountry "ESP"]
[Source "lmi"]
[SourceDate "2012.07.16"]

1. d4 d5 2. c4 c6 3. Nf3 Nf6 4. Nc3 e6 5. e3 Nbd7 6. Bd3 dxc4 7. Bxc4 b5 8. Bd3
a6 9. Qe2 Bb7 10. O-O Be7 11. Rd1 Qb6 12. e4 c5 13. d5 c4 14. Bc2 O-O-O 15.
dxe6 fxe6 16. b3 Bb4 17. Bb2 cxb3 18. axb3 Kb8 19. Na2 Bd6 20. e5 Bxf3 21. gxf3
Nd5 22. exd6 Rhf8 23. Be4 Nf4 24. Qe3 Nh3+ 25. Kf1 Qxe3 26. fxe3 Nc5 27. Bc6
Rc8 28. Nb4 Nd7 1-0

[Event "España ch sub-16 2012"]
[Site "Salobreña ESP"]
[Date "2012.07.17"]
[Round "3.13"]
[White "Dierssen Garcia-Barredo, Guillermo"]
[Black "Martin Duque, Jesus"]
[Result "1/2-1/2"]
[WhiteElo "1854"]
[BlackElo "2241"]
[PlyCount "113"]
[EventDate "2012.07.16"]
[EventType "swiss"]
[EventRounds "9"]
[EventCountry "ESP"]
[Source "lmi"]
[SourceDate "2012.07.16"]

1. e4 g6 2. d4 Bg7 3. Nc3 d6 4. Nf3 Nf6 5. h3 O-O 6. Bc4 c6 7. a4 Na6 8. O-O
Nb4 9. Bb3 d5 10. e5 Ne8 11. Ne2 f6 12. c3 Na6 13. Bf4 fxe5 14. Nxe5 Nd6 15.
Bh2 Nc7 16. Nc1 Nce8 17. Ncd3 Nf6 18. Re1 a5 19. Re2 Qc7 20. Qe1 Re8 21. c4 Qd8
22. cxd5 cxd5 23. Nf4 e6 24. Ned3 Nfe4 25. f3 Bxd4+ 26. Kh1 Nf6 27. Nxe6 Bxe6
28. Rxe6 Nf5 29. Rxe8+ Qxe8 30. Nf4 Bxb2 31. Nxd5 Nxd5 32. Bxd5+ Kg7 33. Qxe8
Rxe8 34. Rb1 b6 35. Bc7 Bd4 36. Bxb6 Bxb6 37. Rxb6 Re1+ 38. Kh2 h5 39. g4 Re2+
40. Kg1 Ng3 41. Ra6 h4 42. Bc4 Rc2 43. Bb5 Rc1+ 44. Kg2 Rc2+ 45. Kg1 Rc1+ 46.
Kf2 Rc2+ 47. Ke3 Rh2 48. Rxa5 Rxh3 49. g5 Nf5+ 50. Kf2 Rh2+ 51. Kg1 Ra2 52.
Ra7+ Kf8 53. Rf7+ Kg8 54. Rf6 Kg7 55. Rf7+ Kg8 56. Rf6 Kg7 57. Bd3 1/2-1/2

[Event "España ch sub-16 2012"]
[Site "Salobreña ESP"]
[Date "2012.07.17"]
[Round "3.14"]
[White "Nicolas Zapata, Irene"]
[Black "Gonzalez Benavides, Jose Antonio"]
[Result "1-0"]
[WhiteElo "2235"]
[BlackElo "1918"]
[PlyCount "131"]
[EventDate "2012.07.16"]
[EventType "swiss"]
[EventRounds "9"]
[EventCountry "ESP"]
[Source "lmi"]
[SourceDate "2012.07.16"]

1. c4 c6 2. d4 d5 3. Nf3 Nf6 4. e3 e6 5. Nbd2 Nbd7 6. b3 Bd6 7. Bb2 O-O 8. Bd3
Re8 9. Ne5 Bxe5 10. dxe5 Nc5 11. Bc2 Nfe4 12. Nxe4 dxe4 13. O-O Qc7 14. Bd4 Nd3
15. Qg4 Nxe5 16. Qg3 f6 17. Bxe4 Re7 18. f4 Nd7 19. Qh4 Nf8 20. Bc5 e5 21. Bxe7
Qxe7 22. Rad1 exf4 23. Qxf4 Be6 24. Qd6 Re8 25. Qxe7 Rxe7 26. Bf3 Nd7 27. Rd6
Ne5 28. Rfd1 Rd7 29. Rxd7 Bxd7 30. Kf2 Kf7 31. Ke2 Ke7 32. Rd4 h6 33. c5 Kd8
34. Kd2 Kc7 35. Kc3 b6 36. b4 b5 37. a4 bxa4 38. Bd1 a3 39. Rd2 Bf5 40. Ra2 Nc4
41. Bb3 Nxe3 42. Rxa3 Kb7 43. Ra2 Ng4 44. h3 Ne5 45. Bc2 Be6 46. Bb3 Bf5 47.
Rd2 Kc7 48. Kb2 Bd3 49. Ka3 Bb5 50. Rc2 Bd3 51. Rc3 Be4 52. g4 Bd3 53. Kb2 Be4
54. Re3 Bg6 55. Kc3 Kd7 56. Bc2 Bf7 57. Kd4 Bd5 58. Ra3 Bg2 59. Rxa7+ Ke8 60.
Rxg7 Bxh3 61. Bd1 Bf1 62. Rh7 Nf7 63. Bb3 Ne5 64. Rxh6 Nxg4 65. Rg6 f5 66. Rxc6
1-0

[Event "España ch sub-16 2012"]
[Site "Salobreña ESP"]
[Date "2012.07.17"]
[Round "3.15"]
[White "Navarrete Espi, Samuel"]
[Black "Domingo Nuñez, Alejandro"]
[Result "1-0"]
[WhiteElo "2197"]
[BlackElo "1883"]
[PlyCount "55"]
[EventDate "2012.07.16"]
[EventType "swiss"]
[EventRounds "9"]
[EventCountry "ESP"]
[Source "lmi"]
[SourceDate "2012.07.16"]

1. e4 c5 2. Nf3 d6 3. d4 cxd4 4. Nxd4 Nf6 5. Nc3 g6 6. Be3 Bg7 7. f3 O-O 8. Qd2
Nc6 9. O-O-O Nxd4 10. Bxd4 Be6 11. Kb1 Qc7 12. Nb5 Qd7 13. g4 Rfc8 14. h4 Bc4
15. Nc3 b5 16. Nd5 Bxd5 17. exd5 Qc7 18. Bh3 Qb7 19. g5 Nd7 20. Bxg7 Kxg7 21.
h5 Rc4 22. hxg6 fxg6 23. b3 Ne5 24. bxc4 bxc4+ 25. Ka1 Rf8 26. Be6 Nxf3 27.
Qc3+ Ne5 28. Rxh7+ 1-0

[Event "España ch sub-16 2012"]
[Site "Salobreña ESP"]
[Date "2012.07.17"]
[Round "3.16"]
[White "Acosta Sosa, Juan Manuel"]
[Black "Montoya Pecurul, Marc"]
[Result "1-0"]
[WhiteElo "2166"]
[BlackElo "1903"]
[PlyCount "162"]
[EventDate "2012.07.16"]
[EventType "swiss"]
[EventRounds "9"]
[EventCountry "ESP"]
[Source "lmi"]
[SourceDate "2012.07.16"]

1. c4 e6 2. Nf3 d5 3. b3 Nf6 4. Bb2 Be7 5. cxd5 exd5 6. e3 O-O 7. d4 b6 8. Bd3
Bb7 9. Nbd2 Nbd7 10. Ne5 c5 11. O-O Rc8 12. f4 Ne4 13. Qe2 Nxd2 14. Qxd2 Nxe5
15. fxe5 c4 16. Bf5 Rc7 17. Rad1 b5 18. Bc3 Rc6 19. Ba5 Qe8 20. bxc4 Rxc4 21.
Bd3 Ra4 22. Bc2 Rc4 23. Bb3 Rc8 24. Rf3 Qc6 25. Rdf1 Qg6 26. R3f2 Bg5 27. Bb4
Qe4 28. Rf3 Rfe8 29. Qe2 Rc7 30. Ba5 Rce7 31. Bc2 Qg4 32. Bxh7+ Kxh7 33. Rh3+
Qxh3 34. gxh3 f6 35. h4 Bh6 36. Bb4 Re6 37. Bd6 fxe5 38. Bxe5 Rg6+ 39. Kf2 Bc8
40. Qc2 Bh3 41. h5 Rf8+ 42. Bf4 Bxf4 43. hxg6+ Kh6 44. exf4 Bxf1 45. Kxf1 Rxf4+
46. Kg2 Rxd4 47. Kf3 Ra4 48. Qd2+ Kxg6 49. Qxd5 a6 50. h4 Ra3+ 51. Kf4 Ra4+ 52.
Kg3 Ra3+ 53. Kf2 Ra4 54. h5+ Kf6 55. Qd6+ Kf7 56. Kf3 Kg8 57. Ke3 Kf7 58. Kd3
Kg8 59. Kc3 Kh7 60. Qg6+ Kh8 61. Kb3 Rh4 62. Qxa6 Rxh5 63. Qg6 Re5 64. Kb4 Kg8
65. Qg3 Rh5 66. Qg4 Re5 67. Ka5 Kh7 68. Kb6 g6 69. Kc6 Rf5 70. Kd6 Kg7 71. Qd4+
Kf7 72. Kd7 Kg8 73. Ke7 Kh7 74. Ke6 Kg8 75. Qg4 Kg7 76. Qh4 Rh5 77. Qd4+ Kh7
78. Qd7+ Kh6 79. Kf7 Rf5+ 80. Kg8 Kh5 81. Kg7 Rg5 1-0

[Event "España ch sub-16 2012"]
[Site "Salobreña ESP"]
[Date "2012.07.17"]
[Round "3.17"]
[White "Santos Ruiz, Miguel"]
[Black "Dominguez Carnero, Javier"]
[Result "1-0"]
[WhiteElo "2106"]
[BlackElo "1845"]
[PlyCount "51"]
[EventDate "2012.07.16"]
[EventType "swiss"]
[EventRounds "9"]
[EventCountry "ESP"]
[Source "lmi"]
[SourceDate "2012.07.16"]

1. e4 c6 2. c4 d5 3. exd5 cxd5 4. cxd5 Qxd5 5. Nc3 Qd8 6. Nf3 Nf6 7. Bc4 e6 8.
O-O Be7 9. d4 O-O 10. Re1 Nbd7 11. Qe2 Nb6 12. Bd3 Nbd5 13. Bg5 b6 14. Nxd5
Nxd5 15. Bxe7 Qxe7 16. Qe4 Nf6 17. Qxa8 Ba6 18. Qxf8+ Kxf8 19. Bxa6 Nd5 20.
Rac1 g6 21. Bc4 Qd6 22. Bxd5 Qxd5 23. b3 a5 24. Rc7 a4 25. bxa4 Qxa2 26. Ne5
1-0

[Event "España ch sub-16 2012"]
[Site "Salobreña ESP"]
[Date "2012.07.17"]
[Round "3.18"]
[White "Marchena Hurtado, Javier"]
[Black "Ucles Lirola, Moises"]
[Result "1-0"]
[WhiteElo "2085"]
[BlackElo "1821"]
[PlyCount "91"]
[EventDate "2012.07.16"]
[EventType "swiss"]
[EventRounds "9"]
[EventCountry "ESP"]
[Source "lmi"]
[SourceDate "2012.07.16"]

1. e4 Nf6 2. e5 Nd5 3. d4 d6 4. c4 Nb6 5. exd6 exd6 6. Nc3 Be7 7. Bd3 Nc6 8.
Nge2 O-O 9. b3 Bf6 10. Be3 Re8 11. O-O Bg4 12. Qd2 Bxe2 13. Bxe2 a5 14. Rae1 a4
15. d5 Bxc3 16. Qxc3 Ne5 17. f4 Ned7 18. Bd4 Nf6 19. b4 c6 20. dxc6 bxc6 21.
Bd3 Rxe1 22. Rxe1 Nbd7 23. Kh1 c5 24. Bg1 cxb4 25. Qxb4 Nc5 26. Bc2 Qa5 27.
Qxa5 Rxa5 28. Rd1 Nce4 29. Rd4 d5 30. cxd5 Ra8 31. d6 Nxd6 32. Bxa4 Nd5 33. g3
Nc3 34. Bb3 Nde4 35. a4 Nd2 36. Bc2 Nc4 37. Rd5 Nxd5 38. Bc5 h6 39. Bb4 Nc3 40.
Bf8 Nd5 41. Bb3 Kxf8 42. a5 Nde3 43. a6 Ke7 44. a7 Nb6 45. Bd5 Ke8 46. Be4 1-0

[Event "España ch sub-16 2012"]
[Site "Salobreña ESP"]
[Date "2012.07.17"]
[Round "3.19"]
[White "Monge Gilgado, Eva Maria"]
[Black "Garcia-Castany Musellas, Galla"]
[Result "1-0"]
[WhiteElo "1847"]
[BlackElo "2042"]
[PlyCount "73"]
[EventDate "2012.07.16"]
[EventType "swiss"]
[EventRounds "9"]
[EventCountry "ESP"]
[Source "lmi"]
[SourceDate "2012.07.16"]

1. e4 e5 2. Bc4 Nf6 3. d3 Nc6 4. Nf3 Bc5 5. c3 a6 6. Bb3 Ba7 7. Nbd2 O-O 8. O-O
d6 9. Re1 Ng4 10. Re2 Kh8 11. Nf1 Nh6 12. h3 f5 13. exf5 Bxf5 14. N3h2 Qf6 15.
Be3 Qg6 16. Bxa7 Bxh3 17. Ng3 Rxa7 18. gxh3 Nf5 19. Qe1 h5 20. Kh1 h4 21. Nxf5
Qxf5 22. Re3 Raa8 23. Rf3 Qh5 24. Qe4 Ne7 25. Rg1 c6 26. Qg4 Qh7 27. Qg5 Ng8
28. Rg4 Nh6 29. Rxf8+ Rxf8 30. Rxh4 d5 31. Ng4 Qxd3 32. Qe3 Qf1+ 33. Kh2 Rf4
34. Rxh6+ Kg8 35. Re6 Re4 36. Qg3 Re1 37. Qg2 1-0

[Event "España ch sub-16 2012"]
[Site "Salobreña ESP"]
[Date "2012.07.17"]
[Round "3.20"]
[White "Ponce Cano, Adrian"]
[Black "Garcia Martinez, Marcos"]
[Result "1-0"]
[WhiteElo "1995"]
[BlackElo "1849"]
[PlyCount "69"]
[EventDate "2012.07.16"]
[EventType "swiss"]
[EventRounds "9"]
[EventCountry "ESP"]
[Source "lmi"]
[SourceDate "2012.07.16"]

1. e4 e6 2. d3 d5 3. Nd2 Nf6 4. Ngf3 c5 5. g3 Nc6 6. Bg2 Be7 7. O-O b6 8. Re1
Bb7 9. e5 Nd7 10. Nf1 Qc7 11. Qe2 O-O-O 12. c3 h6 13. a3 Rhe8 14. Bh3 Ba6 15.
b4 c4 16. d4 Bb7 17. Ne3 Nf8 18. Nc2 a6 19. a4 Na7 20. Na3 Kb8 21. Qc2 g5 22.
Rb1 Nc8 23. Bg4 Ng6 24. Bxe6 Nxe5 25. Nxe5 fxe6 26. Nf7 Rd7 27. Rxe6 Rf8 28.
Nxh6 Bd8 29. Be3 Nd6 30. Ng4 Ne4 31. Ne5 Rd6 32. Rxd6 Qxd6 33. f3 Nf6 34. Bxg5
Ka7 35. Qg6 1-0

[Event "España ch sub-16 2012"]
[Site "Salobreña ESP"]
[Date "2012.07.17"]
[Round "3.21"]
[White "Alonso Vara, Maria"]
[Black "Orantes Taboada, Manuel"]
[Result "1-0"]
[WhiteElo "1833"]
[BlackElo "1963"]
[PlyCount "70"]
[EventDate "2012.07.16"]
[EventType "swiss"]
[EventRounds "9"]
[EventCountry "ESP"]
[Source "lmi"]
[SourceDate "2012.07.16"]

1. e4 c5 2. Nf3 Nc6 3. Nc3 Nf6 4. d4 cxd4 5. Nxd4 g6 6. Nxc6 bxc6 7. e5 Ng8 8.
Bc4 Qa5 9. Bf4 Qb4 10. Qd4 Qb6 11. O-O-O Qxd4 12. Rxd4 Bh6 13. Bxh6 Nxh6 14. g4
Nxg4 15. Rxg4 d5 16. Nxd5 Bxg4 17. Nc7+ Kd7 18. Nxa8 Rxa8 19. Rg1 Bf3 20. Rg3
Bd5 21. Bd3 Rd8 22. c4 Be6 23. Kc2 Bf5 24. Bxf5+ gxf5 25. Rd3+ Kc7 26. Rxd8
Kxd8 27. b4 Kd7 28. f4 Ke6 29. Kd3 f6 30. exf6 Kxf6 31. Kd4 Ke6 32. a4 Kf6 33.
a5 c5+ 34. bxc5 e5+ 35. fxe5+ Ke6 1-0